Państwa które chcą niepodległość - Statystyki

Ogólne statystyki
  • Ten quiz został rozwiązany 127 razy
  • Średni wynik to 9 z 19
Statystyki odpowiedzi
Hint Państwa Odpowiedz Numer Skruty po angielsku Skruty po polsku % Poprawnych
S Hiszpania Katalonia 13 C K
81%
G Wielka Brytania Szkocja 3 S S
76%
C Cypr Cypr Północny 4 C C
74%
G Niemcy Bawaria 9 B B
68%
M Mołdawia Naddniestrze 5 T N
68%
T I I Turcja i Iran i Irak Kurdystan 8 K K
62%
S Somalia Somaliland 10 S S
62%
R Rosja Czeczenia 6 C C
57%
M M Maroko i Mauretania Sahara Zachodnia 17 S S
53%
I Włochy Sardynia 1 S S
51%
C I Chiny i Indie Tybet 12 T T
48%
G Gruzja Osetia Południowa 19 O O
47%
A Azerbejdżan Górski Karabach 7 C G
42%
S Hiszpania Kraj Basków 14 C K
37%
F Francja Bretania 2 B B
29%
U Stany Zjednoczone Texas 11 T T
25%
G Gruzja Abhazja 18 A A
19%
S Hiszpania Wyspy Kanaryjskie 16 I W
19%
S Hiszpania Galicja Hiszpańska 15 G G
2%
Nie znaleziono quizów pasujących do podanych kryteriów
Rozkład punktacji
Procent ludzi z każdym wynikiem
Percentyl według liczby udzielonych odpowiedzi
Twoja historia wyników
Nie rozwiązałeś tego quizu